| 000 | 00694nam a2200229 a 4500 | ||
|---|---|---|---|
| 001 | 000029046 | ||
| 003 | DO-SdBNP | ||
| 005 | 20250411092053.0 | ||
| 008 | 110413s1997 dr 000 0 spa d | ||
| 040 |
_aDO-SdBNP _bspa _cBNPHU |
||
| 049 | _aBNPD | ||
| 082 |
_axxxx _bC697c |
||
| 100 | 1 |
_aCollado, Miguel A., _d1954- _924696 |
|
| 245 | 1 | 0 |
_aCronología de y sobre Livia Velóz : _b(1892-1980) / _cMiguel Collado. |
| 260 |
_aSanto Domingo : _bCentro Dominicano de Investigaciones Bibliográficas, _c1997. |
||
| 300 |
_a20 p. ; _c13 cm. |
||
| 490 | 1 |
_aCalímaco _v9 |
|
| 490 | 1 |
_aOpusculito _vno. 3 |
|
| 830 | 0 |
_aCalímaco _v9 _914052 |
|
| 830 | 0 |
_aOpusculito _vno. 3 _955958 |
|
| 942 |
_2ddc _cLBS1 |
||
| 999 |
_c28538 _d28538 |
||